Personne ne voudra savoir ton nom
Furkejuvvon:
| Váldodahkki: | |
|---|---|
| Materiálatiipa: | Girji |
| Giella: | Undetermined |
| Almmustuhtton: |
Montreal, Canadá
Les Quinze
1982
|
| Fáttát: | |
| Fáddágilkorat: |
Lasit fáddágilkoriid
Eai fáddágilkorat, Lasit vuosttaš fáddágilkora!
|
MARC
| LEADER | 00000nam a2200000Ia 4500 | ||
|---|---|---|---|
| 008 | 170316s9999 xx 000 0 und d | ||
| 090 | |a 818 S-4p | ||
| 100 | |a Schirm, Francois | ||
| 245 | |a Personne ne voudra savoir ton nom | ||
| 260 | |a Montreal, Canadá | ||
| 260 | |b Les Quinze | ||
| 260 | |c 1982 | ||
| 300 | |a 211 páginas | ||
| 650 | |a LITERATURA CANADIENSE | ||
| 999 | |c 22049 |d 22049 | ||
| 040 | |a cru BVZT | ||
| 942 | |c 15 D |h 818 S-4p |2 z | ||
